Journal of macromarketing.

Bibliographic Details
Uniform Title:Journal of macromarketing (Online)
Format: Journal
Language:English
Published: Boulder, Colo. : Business Research Division, Graduate School of Business Administration, University of Colorado.
Subjects:
Online Availability: Check for online availability

MARC

Tag First Indicator Second Indicator Subfields
LEADER 00000cas a2200000 a 4500
001 in00001796607
005 20151025115223.0
006 m o d
007 cr |||||||||||
008 000114c19819999caufr poo 0 a0eng c
010 |a  2004214924 
019 |a 47220481 
022 0 |a 1552-6534  |l 0276-1467  |y 0276-1467  |2 1 
029 1 |a OCLCS  |b 9609 
029 1 |a OCLCS  |b OP-31588 
029 1 |a NZ1  |b 8830730 
029 1 |a AU@  |b 000026232391 
029 1 |a AU@  |b 000043830547 
029 1 |a AU@  |b 000044922456 
029 1 |a AU@  |b 000045709439 
029 1 |a AU@  |b 000051288559 
035 |a (OCoLC)ocm43290914 
035 |a (OCoLC)43290914  |z (OCoLC)47220481 
037 |b Sage Publications, 2455 Teller Road, Thousand Oaks, CA 91320 
040 |a AAA  |b eng  |c AAA  |d OCL  |d OCLCQ  |d NSD  |d MUQ  |d DLC  |d KSU  |d OCLCQ  |d CLU  |d OCLCA  |d UtOrBLW 
042 |a pcc  |a nsdp 
049 |a TXAM 
050 1 4 |a HF5410  |b .J68 Electronic 
082 1 0 |a 380.1  |2 13 
130 0 |a Journal of macromarketing (Online) 
222 0 |a Journal of macromarketing  |b (Online) 
245 1 0 |a Journal of macromarketing. 
246 3 |a Macromarketing 
246 1 |a JMM(K)  |f <June 2012-> 
264 1 |a Boulder, Colo. :  |b Business Research Division, Graduate School of Business Administration, University of Colorado. 
310 |a Quarterly,  |b 2007- 
321 |a Semiannual,  |b <1992-> 
336 |a text  |b txt  |2 rdacontent 
337 |a computer  |b c  |2 rdamedia 
338 |a online resource  |b cr  |2 rdacarrier 
362 1 |a Print began with: Vol. 1, no. 1 (spring 1981). 
500 |a Published: Thousand Oaks, CA : Sage Publications, <June 1, 1992-> 
550 |a Official journal of: Macromarketing Society Inc., <2012-> 
588 |a Description based on: Vol. 19, no. 1 (June 1, 1992); title from banner GIF (publisher's Web site, viewed Sept. 16, 2004). 
588 |a Latest issue consulted: Volume 32, number 3 (September 2012) (SAGE, viewed October 18, 2012). 
500 |a Electronic resource. 
650 0 |a Marketing  |v Periodicals. 
650 0 |a Marketing  |x Social aspects  |v Periodicals. 
650 6 |a Marketing  |v Périodiques. 
650 6 |a Marketing  |x Aspect social  |v Périodiques. 
710 2 |a University of Colorado Boulder.  |b Business Research Division,  |e issuing body. 
710 2 |a Macromarketing Society,  |e issuing body. 
776 0 8 |i Print version:  |t Journal of macromarketing  |x 0276-1467  |w (DLC) 81643778  |w (OCoLC)7317157 
949 |a updated  |b h  |c 2013/10/2  |e spoltoratski  |f 3:55:04 pm  |g m 
994 |a C0  |b TXA 
999 |a MARS 
999 f f |s a6874f4d-78f6-38fd-a07e-8dfdfb2375e0  |i ba8309fb-2bf4-36d2-9ef2-cc3572f5f68d  |t 0 
952 f f |a Texas A&M University  |b College Station  |c Electronic Resources  |d Available Online  |t 0  |e HF5410 .J68  |g Electronic  |h Library of Congress classification 
998 f f |a HF5410 .J68  |t 0  |l Available Online